[Event "World Junior U20 Open 2018"]
[Site "Gebze"]
[Date "2018.09.10"]
[Round "6.34"]
[White "Xu, Xiangyu"]
[Black "Galperin, Platon"]
[Result "1-0"]
[WhiteElo "2586"]
[BlackElo "2348"]
[Annotator "TA"]
[PlyCount "72"]
[EventDate "2018.09.05"]
[EventType "swiss"]
[EventCountry "TUR"]
[SourceTitle "playchess.com"]
[Source "ChessBase"]
[SourceQuality "1"]

{[%evp 20,72,52,35,122,118,118,48,54,45,95,80,84,83,92,97,195,190,212,198,207,193,178,167,197,187,213,163,168,150,143,142,626,619,29985,327,323,325,297,276,750,592,501,0,693,640,741,729,1183,1102,5106,4902,29985,29986,29998]} 1. e4 c5 2. Nc3 e6 3. Nf3 Nc6 4. d4 cxd4 5. Nxd4 Qc7 6. Be3 a6 7. Qf3 {B48: Sizilianisch (Paulsen-Variante)} Ne5 (7... Nf6 8. O-O-O Ne5 9. Qg3 b5 10. a3 Bb7 11. Bxb5 Rc8 12. Ba4 Nxe4 13. Nxe4 Bxe4 14. Bf4 Qc4 15. Bxe5 Qxa4 {1-0 (38) Vachier Lagrave,M (2789)-Anand,V (2776) Karlsruhe/Baden-Baden 2018}) 8. Qg3 h5 9. Bf4 d6 10. Bg5 b5 11. f4 {LiveBook: 7 Partien} Nc4 {[#]} ({Besser ist} 11... h4 $14 12. Bxh4 Ng6) 12. O-O-O $1 $16 Bb7 13. f5 (13. Bxc4 $16 Qxc4 14. Kb1) 13... e5 14. Nb3 Nf6 $146 ({Vorgänger:} 14... Rc8) 15. Bxc4 bxc4 16. Nd2 Rb8 17. Kb1 h4 (17... Be7 $16) 18. Bxh4 $18 Nxe4 19. Ndxe4 (19. Ncxe4 Bxe4 20. Nxe4 Qb7) 19... Bxe4 20. Nxe4 Qb7 {[%csl Gb8][%cal Rb7b2]} 21. Nxd6+ Bxd6 {[%csl Gb8][%cal Rb7b2]} 22. b3 cxb3 23. axb3 (23. cxb3 Qe4+ 24. Qd3 Rxh4 $11) 23... Qb4 24. Rhe1 Rxh4 {[#]} 25. Rxd6 $1 {[%mdl 512]} Re4 $2 {[%mdl 8192]} (25... Qxd6 $16 26. Qxh4 Rb5) 26. Red1 Re2 27. Qd3 $2 (27. Qxg7 Qxb3+ 28. cxb3 Rxb3+ 29. Ka1 Ra3+ 30. Kb1 Rb3+ 31. Kc1 Rc3+ 32. Kb1 Rb3+ $11) (27. Qh3 {setzt Matt} Ke7 {[#]} 28. f6+ $1 {[%mdl 512]} gxf6 29. Rd7+ Ke8 30. Qh8+ Qf8 31. Qxf6 Rxb3+ 32. cxb3 Rb2+ 33. Kxb2 Qa3+ 34. Kxa3 Kf8 35. Qxf7#) 27... Re1 {Wenn Schwarz jetzt Zeit für ...Txd1+ hätte...} 28. Rd8+ ({Weniger gut wäre} 28. Rxa6 Rxd1+ 29. Qxd1 Qe4 $18) ({Viel schwächer ist} 28. Qxa6 $6 Kf8 $18) 28... Ke7 29. Rd7+ Kf6 $2 (29... Kf8 30. Kb2 (30. Qxa6 Rxd1+ 31. Rxd1 e4 $16) 30... Rxd1 31. Qxd1 Ke8) 30. Rd6+ Ke7 {zielt auf ...Txd1+ ab.} 31. Rd7+ Kf6 32. Rxe1 Qxe1+ 33. Kb2 Rb6 34. Qc4 {jetzt h4 und aus.} Kxf5 35. Rxf7+ Rf6 36. Rxg7 {[%csl Gc4,Gg7][%cal Rg2g4]} e4 {Precision: Weiß = 75%, Schwarz = 23%.} 1-0

[Event "World Junior U20 Open 2018"]
[Site "Gebze"]
[Date "2018.09.10"]
[Round "6.35"]
[White "Asadli, Vugar"]
[Black "Sevgi, Volkan"]
[Result "1/2-1/2"]
[WhiteElo "2492"]
[BlackElo "2323"]
[Annotator "TA"]
[PlyCount "60"]
[EventDate "2018.09.05"]
[EventType "swiss"]
[EventCountry "TUR"]
[SourceTitle "playchess.com"]
[Source "ChessBase"]
[SourceQuality "1"]

{[%evp 17,60,35,23,31,20,15,25,25,61,15,24,31,24,3,7,13,10,9,22,18,29,19,16,3,56,62,75,70,61,68,56,45,54,70,79,77,72,72,71,2,8,7,8,0,129]} 1. e4 c6 2. d4 d5 3. e5 Bf5 4. Nd2 e6 5. Nb3 Nd7 6. Nf3 h6 {B12: Caro-Kann: Advance Variation} (6... Ne7 7. Be2 Ng6 8. O-O f6 9. c4 dxc4 10. Bxc4 fxe5 11. Ng5 Qf6 12. g4 Nf4 13. Bxf4 exf4 14. Nxe6 Bxe6 15. Bxe6 {½-½ (46) Grischuk,A (2766)-Mamedyarov,S (2808) Paris 2018}) 7. Be2 Ne7 8. O-O g5 9. Ne1 c5 {LiveBook: 23 Games} 10. Nxc5 Nxc5 11. dxc5 Nc6 12. Bd3 Be4 13. Qe2 (13. Be3 {keeps more tension.} Nxe5 14. f3 Bxd3 15. Nxd3 Nxd3 16. Qxd3 Bg7 17. f4) 13... Bxc5 14. Bxe4 dxe4 15. Qxe4 {[#]} Qd4 $146 16. Qxd4 Bxd4 17. Nf3 Bxe5 18. Nxe5 Nxe5 19. b3 Nc6 20. Bb2 $36 {[%mdl 2048] White has some pressure.} e5 (20... Rg8 $11) 21. f4 $1 $14 gxf4 {[#]} 22. Rxf4 $1 {[%mdl 512]} exf4 23. Bxh8 {[%mdl 4096] Endgame KRB-KRN} O-O-O 24. Bc3 Rd5 25. Rf1 Rc5 {[#]} 26. Bg7 $1 Rxc2 27. Rxf4 Rxa2 28. Rxf7 (28. Bxh6 $16 Ra3 29. h4 (29. Rxf7 Rxb3 30. h4 Rb5 $14)) 28... h5 $1 $11 {The position is equal.} 29. h4 {next Rf5 is good for White.} Ra5 30. Kh2 Kb8 {Precision: White = 53%, Black = 67%.} (30... Rb5 $11 {remains equal.}) 1/2-1/2

[Event "World Junior U20 Open 2018"]
[Site "Gebze"]
[Date "2018.09.10"]
[Round "6.36"]
[White "Murzin, Volodar"]
[Black "Escalante Ramirez, Brian Sebasti"]
[Result "0-1"]
[WhiteElo "2349"]
[BlackElo "2436"]
[Annotator "TA"]
[PlyCount "94"]
[EventDate "2018.09.05"]
[EventType "swiss"]
[EventCountry "TUR"]
[SourceTitle "playchess.com"]
[Source "ChessBase"]
[SourceQuality "1"]

{[%evp 19,94,10,9,-10,10,-16,-7,-33,-32,-24,-1,0,33,0,28,4,4,4,2,2,16,0,6,0,0,0,2,0,43,37,34,0,0,0,0,0,0,0,0,-17,-15,-33,-8,-95,-89,-104,0,0,-10,-223,-147,-137,-149,-168,-142,-361,-253,-479,-462,-929,-687,-649,-387,-1011,-977,-765,-198,-202,-206,-243,-242,-943,-943,-29980,-29981,-29982,-29983]} 1. e4 e6 2. d4 d5 3. Nc3 Nf6 4. e5 Nfd7 5. f4 c5 6. Nf3 Nc6 7. Be3 Be7 8. g3 {C11: French: Classical System: 4 e5 and 4 Bg5 dxe4} (8. Qd2 b6 9. Bb5 Bb7 10. O-O a6 11. Bxc6 Bxc6 12. Nd1 Qc7 13. Nf2 O-O-O 14. a4 Kb8 15. b3 Bb7 16. Nd3 {1-0 (60) Aronian,L (2767)-Caruana,F (2822) chess.com INT 2018}) 8... O-O 9. Qd2 a6 10. Bg2 b5 {LiveBook: 7 Games} 11. O-O b4 12. Ne2 a5 13. dxc5 Ba6 14. Rfe1 $146 ({Predecessor:} 14. Rfd1 Nxc5 15. Nfd4 Nxd4 16. Nxd4 Qc7 {1-0 (40) Bronnikova,E (2238)-Gavrilov,A (2496) St Petersburg 2012}) 14... Bxe2 15. Qxe2 Qc7 16. Qf2 Qa7 {[%cal Re7c5]} 17. Nd4 Nxd4 18. c6 Qc7 19. Bxd4 Qxc6 20. c4 {cxd5 is the strong threat.} bxc3 21. bxc3 Rab8 22. Rac1 {Strongly threatening c4!} Ba3 23. Rc2 Nb6 24. f5 Rb7 25. f6 {Threatens to win with fxg7.} g6 26. Qe3 {White threatens Qh6 and mate.} Rc8 $1 27. h4 Nc4 28. Qf4 Rcb8 29. h5 Rb1 $36 {[%mdl 2048] Black fights for an advantage.} 30. Rce2 Bf8 31. hxg6 (31. Rf1 $11 {keeps the balance.}) 31... hxg6 $17 32. Bf1 {[#]} Rxe1 ({Black should play} 32... Qa4 $1 $17 {And now ...Rxe1 would win.} 33. Rc1 R1b2) 33. Rxe1 $11 Qa4 34. Re2 $2 (34. Bxc4 $11 Qxc4 35. Qd2) 34... Qd1 35. Rf2 a4 {[%cal Ba5a4,Ba4a3][%mdl 32]} 36. Kh2 Rb1 37. g4 $2 {[#]} (37. Kh3 $17) 37... a3 $1 $19 38. Kg3 $2 (38. Qf3 {was forced.} Qxf3 39. Rxf3 Rb2+ 40. Rf2) 38... Rb2 39. Bg2 (39. Bxc4 $142 dxc4 40. Ba7) 39... Qe1 {White must now prevent ...Rxa2.} 40. Kh3 Rxf2 41. Bxf2 $2 (41. Qxf2 Qb1 42. Bf3) 41... Qxc3+ 42. Bg3 Qd2 $2 (42... Qb2 43. Qf2 Nxe5) 43. Qxd2 Nxd2 44. g5 Bc5 45. Bf4 $2 (45. Kg4) 45... Nb1 46. Bxd5 exd5 47. e6 fxe6 {Precision: White = 25%, Black = 61%.} 0-1

[Event "World Junior U20 Open 2018"]
[Site "Gebze"]
[Date "2018.09.10"]
[Round "6.37"]
[White "Hollan, Martin"]
[Black "Sibashvili, Giorgi"]
[Result "1-0"]
[WhiteElo "2336"]
[BlackElo "2425"]
[Annotator "TA"]
[PlyCount "93"]
[EventDate "2018.09.05"]
[EventType "swiss"]
[EventCountry "TUR"]
[SourceTitle "playchess.com"]
[Source "ChessBase"]
[SourceQuality "1"]

{[%evp 19,93,0,28,25,35,0,0,-5,-5,-14,-14,-15,-14,-26,0,0,0,0,0,-33,-33,-35,5,0,0,-12,0,-53,-46,-46,15,20,14,8,46,46,47,51,87,0,0,0,0,0,0,0,0,-8,20,9,49,50,58,20,59,42,224,195,301,279,495,490,477,467,522,514,775,775,763,754,738,727,1154,1033,1444,1269]} 1. Nf3 d5 2. d4 Nf6 3. c4 e6 4. Nc3 c6 5. cxd5 exd5 6. Bg5 Bf5 7. Qb3 Qb6 8. Qxb6 axb6 9. Bxf6 gxf6 10. e3 Na6 {[%cal Bb8a6,Ba6c7,Bc7b5,Bb5d6,Bd6c4][%mdl 32]} 11. Nh4 {D35: Queen's Gambit Declined: Exchange Variation} (11. Kd2 Nc7 12. Bd3 Be6 13. a3 b5 14. Nh4 Kd7 15. Kc2 Ne8 16. Nf5 Nd6 17. Nxd6 Bxd6 {½-½ (17) Berkes,F (2645)-Georgiev,K (2671) Subotica 2008}) 11... Be6 12. Rc1 $146 ({Predecessor:} 12. Bd3 Nb4 13. Bb1 Kd7 14. a3 Bd6 15. Nf5 h5 16. Nxd6 Kxd6 17. f3 h4 18. Kf2 Na6 {1-0 (39) Moldovan,J (2313)-Weiss,L (2051) ICCF email 2012}) 12... b5 {[%cal Bb6b5,Bb5b4][%mdl 32]} 13. Bd3 {The position is equal.} b4 14. Ne2 Nc7 15. Bb1 Nb5 16. Nf4 Nd6 17. O-O Nc4 18. Rc2 Bd6 19. Re2 Bxf4 20. exf4 {[#] Threatens to win with f5.} O-O 21. h3 Rfe8 22. Rfe1 Bd7 23. Nf3 (23. Rxe8+ $11 Rxe8 24. Rxe8+ Bxe8 25. b3) 23... Rxe2 24. Rxe2 Re8 (24... h5 $15) 25. Rxe8+ $11 Bxe8 {[%mdl 4096] Endgame KBN-KBN} 26. b3 Nd6 (26... Na3 $5 {[%cal Ra3b1]} 27. Bd3 b6 $11) 27. Bd3 b6 28. Ne1 c5 29. Nc2 ({White should try} 29. dxc5 $16 bxc5 30. Ba6) 29... Bb5 30. Bf1 Bxf1 31. Kxf1 {Black must now prevent Ne3. KN-KN} Nb5 32. Ke1 Kf8 33. Kd2 Nc3 34. a4 Ke7 35. f3 Kd6 36. g4 Na2 37. Ne3 cxd4 $2 (37... Nc3 $14) 38. Nf5+ $18 Kc5 (38... Ke6 $142 39. Nxd4+ Kd7) 39. Nh6 d3 $2 (39... Nc3 40. Nxf7 Nb1+ 41. Kd3 Nc3) 40. Nxf7 {White is clearly winning.} Nc3 {aiming for ...Kd4.} 41. Kxd3 d4 {and the idea ...Nd5 leaves Black hopeful.} 42. f5 {[%cal Bf4f5,Bf5f6][%mdl 32]} Kd5 (42... Nd5 $142 43. Nd8 Nf4+ 44. Ke4 d3) 43. g5 fxg5 44. Nxg5 Ke5 45. Nxh7 Nd5 {[#]} 46. f6 $1 Nf4+ (46... Nxf6 47. Nxf6) 47. Kc4 {Precision: White = 68%, Black = 39%.} 1-0

[Event "World Junior U20 Open 2018"]
[Site "Gebze"]
[Date "2018.09.10"]
[Round "6.38"]
[White "Gokerkan, Cem Kaan"]
[Black "Nastase, Robert-Paul"]
[Result "1-0"]
[WhiteElo "2416"]
[BlackElo "2313"]
[Annotator "TA"]
[PlyCount "75"]
[EventDate "2018.09.05"]
[EventType "swiss"]
[EventCountry "TUR"]
[SourceTitle "playchess.com"]
[Source "ChessBase"]
[SourceQuality "1"]

{[%evp 15,75,0,15,0,6,0,0,0,0,0,0,-24,-10,-10,-8,-51,-37,-50,-34,-56,-50,-64,16,-69,-73,-112,-54,-42,-41,-119,0,0,19,20,31,17,60,42,72,64,73,18,18,17,39,20,50,53,58,25,19,17,18,0,35,35,412,411,404,377,400,406]} 1. Nf3 Nf6 2. g3 d5 3. Bg2 e6 4. O-O c5 5. c4 dxc4 6. Na3 Be7 {A13: Reti-Eröffnung} 7. Nxc4 Nc6 8. d3 (8. b3 O-O 9. Bb2 Bd7 10. d4 cxd4 11. Nxd4 Rc8 12. Nb5 a6 13. Nbd6 Rc7 14. Rc1 Qb8 15. e4 b5 16. e5 Nd5 17. Bxd5 exd5 {1-0 (31) Wei,Y (2743)-Yu,Y (2751) Shenzhen 2017}) 8... O-O {LiveBook: 7 Partien. Die Stellung ist ausgeglichen.} 9. Bd2 Nd5 10. Rc1 $146 ({Vorgänger:} 10. a4 b6 11. Qb3 Ba6 12. Rfc1 Rc8 13. Bc3 Nxc3 14. bxc3 Bxc4 15. Qxc4 {½-½ (31) Zhao,Y (2401)-Chen,Q (2340) Beijing 2017}) 10... b6 11. Qc2 Bb7 12. Rfd1 Rc8 13. Qb1 Nd4 14. Nxd4 cxd4 15. e4 dxe3 $1 16. fxe3 Ba6 17. b4 Qd7 18. Qb3 Bb5 ({Günstiger ist} 18... Bf6 $15) 19. Nb2 (19. Ne5 $1 $11 Qd6 20. Nc4) 19... Bg5 20. Kf2 Rxc1 (20... Bc6 $17 21. d4 Nf6 22. Bxc6 Rxc6) 21. Rxc1 $15 Qd8 {...Sxe3! ist eine echte Drohung.} 22. a4 {[#]} (22. d4 $15) 22... Ba6 (22... Nxe3 $1 $17 {[%mdl 512]} 23. Bxe3 Qf6+ 24. Ke2 Bxe3 25. Kxe3 Qh6+ 26. Kf2 Qd2+ 27. Kf3 Qxc1 28. axb5 Rd8) 23. d4 $11 Qf6+ 24. Kg1 Qh6 {[%cal Rg5e3]} 25. Re1 Qh5 26. b5 Bb7 27. Nc4 Ba8 28. Qd1 ({Lieber} 28. Ne5 $16) 28... Qxd1 29. Rxd1 Be7 30. Kf2 f6 31. Rc1 $36 {[%mdl 2048] Weiss hat Druck.} Rc8 32. Bh3 (32. Nxb6 $5 Nxb6 33. Rxc8+ Nxc8 34. Bxa8 $16) 32... f5 33. Bg2 Kf8 34. Bf3 Bb4 {[#] Und ...Lxd2 würde nun gewinnen.} 35. Bxd5 Bxd5 $4 {[%mdl 8192]} (35... exd5 $14 36. Bxb4+ Kg8) 36. Bxb4+ $18 {Weiß steht auf Gewinn.} Kg8 37. Bc5 $1 bxc5 38. Nd6 $1 {[%csl LRc5,LRc8] Precision: Weiß = 37%, Schwarz = 43%.} 1-0

[Event "World Junior U20 Open 2018"]
[Site "Gebze"]
[Date "2018.09.10"]
[Round "6.39"]
[White "Shailesh, Dravid"]
[Black "Garayev, Kanan"]
[Result "0-1"]
[WhiteElo "2325"]
[BlackElo "2404"]
[Annotator "NA"]
[PlyCount "80"]
[EventDate "2018.09.05"]
[EventType "swiss"]
[EventCountry "TUR"]
[SourceTitle "playchess.com"]
[Source "ChessBase"]
[SourceQuality "1"]
[TimeControl "40/5400+30:1800+30"]

1. e4 {[%emt 0:00:30]} e5 {[%emt 0:01:30]} 2. Nf3 {[%emt 0:00:30]} Nc6 {[%emt 0:00:00]} 3. Bb5 {[%emt 0:00:30]} a6 {[%emt 0:00:00]} 4. Ba4 {[%emt 0:00:00]} b5 {[%emt 0:00:30]} 5. Bb3 {[%emt 0:00:00]} Na5 {[%emt 0:00:30]} 6. Nc3 {[%emt 0:05:30]} d6 {[%emt 0:00:00]} 7. O-O {[%emt 0:00:30]} Nf6 {[%emt 0:01:30]} 8. d3 {[%emt 0:01:30]} Be7 {[%emt 0:04:30]} 9. h3 {[%emt 0:07:30]} O-O {[%emt 0:05:30] LiveBook: 21 Partien} 10. Bg5 {[%emt 0:01:30] C84: Closed Ruy Lopez: Unusual White 6th moves} (10. Be3 Bb7 11. Re1 Nxb3 12. axb3 Nd7 13. d4 Bf6 14. Qd2 exd4 15. Bxd4 Re8 16. Nd5 Ne5 17. Nxf6+ Qxf6 18. Bxe5 dxe5 {½-½ (68) Bartel,M (2623)-Sargissian,G (2679) Baku 2015}) 10... c5 {[%emt 0:00:30]} 11. a4 $146 {[%emt 0:00:30]} ({Predecessor:} 11. Bxf6 Bxf6 12. Bd5 Rb8 13. Qd2 Be6 14. Rfe1 b4 15. Ne2 Bxd5 16. exd5 e4 17. dxe4 Bxb2 {0-1 (34) Figueiredo,J (1173)-Goncalves,G (1535) Luso 2017}) 11... Nxb3 {[%emt 0:09:30]} 12. cxb3 {[%emt 0:00:30]} b4 {[%emt 0:00:30]} 13. Bxf6 {[%emt 0:01:00]} Bxf6 {[%emt 0:00:30]} 14. Nd5 {[%emt 0:00:30]} Bg5 {[%emt 0:04:30]} 15. Nd2 {[%emt 0:08:00]} Bxd2 {[%emt 0:02:30]} 16. Qxd2 {[%emt 0:00:30]} Be6 {[%emt 0:01:30]} 17. f4 {[%emt 0:01:30]} f5 {[%emt 0:06:30]} 18. Rac1 {[%emt 0:02:30]} Bxd5 {[%emt 0:01:30]} 19. exd5 {[%emt 0:00:30]} Qf6 {[%emt 0:00:30]} 20. Qf2 {[%emt 0:10:30]} (20. fxe5 $11 {bleibt in der Remisbreite.} Qxe5 21. d4 Qxd5 22. Rc4) 20... Rae8 {[%emt 0:06:30]} 21. Rc4 {[%emt 0:03:30]} e4 {[%emt 0:06:30]} 22. dxe4 {[%emt 0:06:30]} Rxe4 {[%emt 0:01:30]} 23. Rxe4 {[%emt 0:10:30]} fxe4 $17 {[%emt 0:00:00]} 24. Qe2 {[%emt 1:14:00]} (24. a5 $17) 24... Qd4+ {[%emt 1:17:00]} 25. Kh2 {[%emt 0:00:30]} Qd3 {[%emt 0:00:30]} 26. Qxd3 {[%emt 0:00:30]} exd3 {[%emt 0:00:30]} 27. Rd1 {[%emt 0:00:30]} Rxf4 {[%emt 0:00:30]} 28. Rxd3 {[%emt 0:00:30]} Rf2 {[%emt 0:00:30]} 29. Re3 {[%emt 0:00:30]} Kf7 {[%emt 0:00:30]} 30. Re6 {[%emt 0:00:30]} Rf6 {[%emt 0:00:30]} 31. Re3 {[%emt 0:00:30]} Rf5 {[%emt 0:00:30]} 32. Rd3 {[%emt 0:00:30]} Rf2 {[%emt 0:00:30]} 33. Re3 {[%emt 0:00:30]} Rxb2 {[%emt 0:00:30]} 34. Re6 {[%emt 0:00:30]} Rxb3 {[%emt 0:00:30]} 35. Rxd6 {[%emt 0:00:30]} c4 {[%emt 0:00:00]} 36. Rxa6 {[%emt 0:03:30]} c3 {[%emt 0:00:00]} 37. Ra7+ {[%emt 0:00:30]} Ke8 {[%emt 0:00:00]} 38. Rc7 {[%emt 0:00:30]} Ra3 {[%emt 0:01:00]} 39. Rc4 {[%emt 0:00:30]} Rxa4 {[%emt 0:01:30]} 40. Kg3 {[%emt 0:00:00]} Ra1 {[%emt 0:00:00]} 0-1

[Event "World Junior U20 Open 2018"]
[Site "Gebze"]
[Date "2018.09.10"]
[Round "6.40"]
[White "Agibileg, Uurtsaikh"]
[Black "Huber, Martin Christian"]
[Result "1-0"]
[WhiteElo "2321"]
[BlackElo "2390"]
[Annotator "ChessBase"]
[PlyCount "73"]
[EventDate "2018.09.05"]
[EventType "swiss"]
[EventCountry "TUR"]
[SourceTitle "playchess.com"]
[Source "ChessBase"]
[SourceQuality "1"]
[TimeControl "40/5400+30:1800+30"]

1. d4 Nf6 2. c4 g6 3. Nc3 Bg7 4. e4 d6 5. Be2 O-O 6. Nf3 Na6 7. O-O e5 8. Be3 c6 9. d5 Ng4 10. Bg5 f6 11. Bh4 c5 12. Ne1 Nh6 13. f3 Nf7 14. Rb1 Bh6 15. Bf2 f5 16. Nd3 Bg5 17. b4 b6 18. bxc5 Nxc5 19. a4 Nb7 20. Nb4 Bd7 21. Nc6 Qc8 22. exf5 {[%emt 1:17:00]} gxf5 {[%emt 1:05:00]} 23. f4 {[%emt 0:00:30]} Bf6 {[%emt 0:00:30]} 24. Bf3 {[%emt 0:00:30]} Nc5 {[%emt 0:07:30]} 25. a5 {[%emt 0:04:30]} e4 {[%emt 0:03:30]} 26. Bd4 {[%emt 0:01:28]} Bxd4+ {[%emt 0:01:30]} 27. Nxd4 {[%emt 0:06:31]} exf3 {[%emt 0:05:30]} 28. Rxf3 {[%emt 0:00:30]} Qd8 {[%emt 0:01:53]} 29. Rg3+ {[%emt 0:05:19]} Kh8 {[%emt 0:00:30]} 30. Ne6 {[%emt 0:00:08]} Qf6 {[%emt 0:01:35]} 31. Nxf8 {[%emt 0:01:08]} Rxf8 {[%emt 0:00:32]} 32. axb6 {[%emt 0:00:30]} axb6 {[%emt 0:00:03]} 33. Rxb6 {[%emt 0:00:42]} Nh6 {[%emt 0:03:08]} 34. h3 {[%emt 0:03:25]} Re8 {[%emt 0:05:35]} 35. Rxd6 {[%emt 0:00:44]} Re1+ {[%emt 0:00:30]} 36. Qxe1 {[%emt 0:00:30]} Qxd6 {[%emt 0:01:39]} 37. Qa1 {[%emt 0:00:56]} 1-0

[Event "World Junior U20 Open 2018"]
[Site "Gebze"]
[Date "2018.09.10"]
[Round "6.41"]
[White "Nikolovski, Nikola"]
[Black "Zlatin, Alexander"]
[Result "1-0"]
[WhiteElo "2388"]
[BlackElo "2312"]
[Annotator "NA"]
[PlyCount "119"]
[EventDate "2018.09.05"]
[EventType "swiss"]
[EventCountry "TUR"]
[SourceTitle "playchess.com"]
[Source "ChessBase"]
[SourceQuality "1"]
[TimeControl "40/5400+30:1800+30"]

1. e4 {[%emt 0:00:30]} e5 {[%emt 0:00:30]} 2. Nf3 {[%emt 0:00:30]} Nc6 {[%emt 0:00:30]} 3. Bc4 {[%emt 0:01:00]} Bc5 {[%emt 0:00:00]} 4. O-O {[%emt 0:01:30]} Nf6 {[%emt 0:00:30]} 5. d3 {[%emt 0:00:30]} O-O {[%emt 0:04:30]} 6. a4 {[%emt 0:01:30] C50: Hungarian Defence and Giuoco Pianissimo} (6. c3 d5 7. exd5 Nxd5 8. Re1 Bg4 9. Nbd2 Nb6 10. Bb5 Bd6 11. h3 Bh5 12. Ne4 Re8 13. Bg5 f6 14. Be3 a6 15. Bxc6 bxc6 16. Ng3 Bf7 17. c4 Bb4 18. Re2 Bf8 19. b3 c5 {0-1 (89) Nakamura,H (2777)-Grischuk,A (2766) Saint Louis 2018}) 6... d5 {[%emt 0:05:30]} 7. exd5 {[%emt 0:06:30]} Nxd5 {[%emt 0:01:30]} 8. Nbd2 {[%emt 0:04:30] LiveBook: 7 Partien} Bg4 {[%emt 0:03:30]} 9. h3 {[%emt 0:16:30]} Bh5 {[%emt 0:01:30]} 10. Ne4 {[%emt 0:03:30]} Be7 {[%emt 0:01:30]} 11. Ng3 {[%emt 0:07:30]} Bg6 {[%emt 0:02:30]} 12. Re1 {[%emt 0:00:30]} Bf6 {[%emt 0:06:30]} 13. a5 $146 {[%emt 0:02:30]} a6 {[%emt 0:01:30]} 14. Ne4 {[%emt 0:08:30]} Be7 {[%emt 0:00:30]} 15. c3 {[%emt 0:00:30]} Nf6 {[%emt 0:05:30]} 16. Ng3 {[%emt 0:08:30]} Bd6 {[%emt 0:15:30]} (16... e4 $11 {remains equal.} 17. Nh4 (17. Nxe4 Nxe4 18. dxe4 Qxd1 $14) (17. dxe4 Qxd1 18. Rxd1 Nxe4 $14) 17... exd3) 17. Nh4 {[%emt 0:01:30]} Re8 {[%emt 1:03:30]} 18. Nxg6 {[%emt 1:19:00]} hxg6 {[%emt 0:00:30]} 19. Bg5 {[%emt 0:00:30]} Qd7 {[%emt 0:00:30]} 20. Qf3 {[%emt 0:00:30]} Nh7 {[%emt 0:00:30]} 21. Ne4 {[%emt 0:00:30]} Qf5 {[%emt 0:00:30]} 22. Qg3 {[%emt 0:00:30]} Be7 {[%emt 0:06:30]} 23. Bd2 {[%emt 0:04:20]} Nf6 {[%emt 0:03:30]} 24. Ng5 {[%emt 0:00:30]} Nh5 {[%emt 0:00:30]} 25. Qh4 {[%emt 0:03:12]} Bxg5 {[%emt 0:01:30]} 26. Bxg5 {[%emt 0:00:06]} Nf4 {[%emt 0:00:00]} 27. Re4 {[%emt 0:03:47]} Ne6 {[%emt 0:00:00]} 28. Bd2 {[%emt 0:00:48]} Rad8 {[%emt 0:02:30]} 29. b4 {[%emt 0:00:30]} g5 {[%emt 0:01:30]} 30. Qh5 {[%emt 0:04:25]} Nf4 {[%emt 0:09:48]} 31. Bxf4 {[%emt 0:01:25]} exf4 {[%emt 0:00:04]} 32. Rae1 {[%emt 0:00:00]} Rxe4 {[%emt 0:02:32]} 33. Rxe4 {[%emt 0:00:00]} Qf6 {[%emt 0:00:47]} 34. d4 {[%emt 0:00:24]} g6 {[%emt 0:00:30]} 35. Qg4 {[%emt 0:01:57]} Qf5 {[%emt 0:02:08]} 36. Qe2 {[%emt 0:00:52]} Kg7 {[%emt 0:03:44]} 37. d5 {[%emt 0:01:58]} Rxd5 {[%emt 0:02:11]} 38. Bxd5 {[%emt 0:00:30]} Qxd5 {[%emt 0:00:00]} 39. Re8 {[%emt 0:00:31]} Qd6 {[%emt 0:01:44]} 40. Kh1 {[%emt 0:00:00]} Kf6 {[%emt 0:00:00]} 41. Re4 {[%emt 0:11:15]} Kg7 {[%emt 0:05:32]} 42. Kg1 {[%emt 0:01:30]} Qf6 {[%emt 0:04:30]} 43. Qd3 {[%emt 0:02:30]} Qf5 {[%emt 0:00:30]} 44. f3 $18 {[%emt 0:01:16]} Qf6 {[%emt 0:01:30]} 45. Re2 {[%emt 0:02:16]} Kf8 {[%emt 0:00:30]} 46. Kh2 {[%emt 0:01:14]} Kg7 {[%emt 0:00:30]} 47. Re4 {[%emt 0:01:21]} Qf5 {[%emt 0:00:30]} 48. Qc4 {[%emt 0:01:11]} Qf6 {[%emt 0:00:00]} 49. Qc5 {[%emt 0:01:28]} Qd8 {[%emt 0:03:00]} 50. Re2 {[%emt 0:01:40]} Qf8 {[%emt 0:01:30]} 51. Qxg5 {[%emt 0:01:27]} Qd6 {[%emt 0:00:30]} 52. Re4 {[%emt 0:01:39]} f5 {[%emt 0:00:00]} 53. Re8 {[%emt 0:03:06]} Qd7 {[%emt 0:01:00]} 54. Ra8 {[%emt 0:00:47]} Qd2 {[%emt 0:01:30]} 55. Qh4 {[%emt 0:00:17]} Qd6 {[%emt 0:01:30]} 56. Qh8+ {[%emt 0:01:49]} Kf7 {[%emt 0:00:00]} 57. Qg8+ {[%emt 0:01:07]} Ke7 {[%emt 0:00:00]} 58. Qg7+ {[%emt 0:00:49]} Ke6 {[%emt 0:00:30]} 59. Qxg6+ {[%emt 0:00:49]} Kd5 {[%emt 0:00:30]} 60. Qxd6+ {[%emt 0:00:00]} 1-0